Doctrinas y Conceptos Jurídicos / (Registro nro. 6208)

Detalles MARC
000 -LEADER
fixed length control field 00996nam a2200217Ia 4500
003 - CONTROL NUMBER IDENTIFIER
control field OSt
005 - DATE AND TIME OF LATEST TRANSACTION
control field 20210120081922.0
008 - FIXED-LENGTH DATA ELEMENTS--GENERAL INFORMATION
fixed length control field 200917s2008 ck ||||gr|||| 00| 0 spa d
020 ## - INTERNATIONAL STANDARD BOOK NUMBER
International Standard Book Number 9789588269245
040 ## - CATALOGING SOURCE
Original cataloging agency CO-JMCR
Transcribing agency CO-JMCR
041 0# - LANGUAGE CODE
Language code of text/sound track or separate title spa
082 04 - DEWEY DECIMAL CLASSIFICATION NUMBER
Classification number 796.026 /
Item number I572d
Edition number 23
110 2# - MAIN ENTRY--CORPORATE NAME
Corporate name or jurisdiction name as entry element Instituto Colombiano del Deporte.
Subordinate unit Oficina de Inspección, Vigilancia y Control
9 (RLIN) 12893
245 10 - TITLE STATEMENT
Title Doctrinas y Conceptos Jurídicos /
Statement of responsibility, etc. Instituto Colombiano del Deporte
260 ## - PUBLICATION, DISTRIBUTION, ETC.
Place of publication, distribution, etc. Armenia :
Name of publisher, distributor, etc. Instituto Colombiano del Deporte, Coldeportes : Kinesis,
Date of publication, distribution, etc. 2008
300 ## - PHYSICAL DESCRIPTION
Extent 252 páginas ;
Dimensions 24 cm.
505 0# - FORMATTED CONTENTS NOTE
Formatted contents note Organismos Deportivos del Sistema Nacional del Deporte -- Personería jurídica -- Reconocimiento Deportivo -- Estatutos sociales -- Reuniones de Asamblea General de Afiliados -- Órgano de administración -- Órgano de control -- Órgano de disciplina
650 14 - SUBJECT ADDED ENTRY--TOPICAL TERM
Topical term or geographic name entry element Organismos deportivos
Geographic subdivision Colombia
9 (RLIN) 10389
650 14 - SUBJECT ADDED ENTRY--TOPICAL TERM
Topical term or geographic name entry element Conceptos jurídicos deportivos
9 (RLIN) 10390
942 ## - ADDED ENTRY ELEMENTS (KOHA)
Source of classification or shelving scheme Dewey Decimal Classification
Koha item type Books
Existencias
Withdrawn status Lost status Source of classification or shelving scheme Damaged status Not for loan Collection code Home library Current library Date acquired Source of acquisition Total Checkouts Full call number Barcode Date last seen Date last checked out Copy number Koha item type
    Dewey Decimal Classification     Non-fiction Biblioteca Pública José María del Castillo y Rada Biblioteca Pública José María del Castillo y Rada 04/15/2018 Donación 1 796.026 / I572d 430012203 05/16/2024 07/12/2023 V.2 / Ej.1 Books